| 000 | 00546nam a2200181 i 4500 | ||
|---|---|---|---|
| 001 | 33623 | ||
| 003 | ES-MaACL | ||
| 005 | 20251118191527.0 | ||
| 007 | t| | ||
| 008 | 030202s1849 fr ||||1| fre d | ||
| 100 | 1 |
_aBlanche-Raffin, A. _929150 |
|
| 245 | 1 | 0 |
_aJacques Balmès _b: sa vie et ses ouvrages / _cpar A. Blanche-Raffin. |
| 260 |
_aParis : _bSagnier et Bray, _c1849 ( _fBailly et Divry) |
||
| 300 |
_aXIII, p. 18-336 ; _c21 cm. |
||
| 600 | 1 | 4 |
_aBalmes, Jaime, _d1810-1848 _925096 |
| 852 |
_aES-MaACL _jF-3466 |
||
| 999 |
_c33623 _d33623 |
||